000 00715nam a2200205Ii 4500
003 JO-AjNU
008 230605s9999||||xx |||||||||||||| ||und||
040 _aJO-AjNU
_bara
_erda
_cJO-AjNU
041 _aara
050 1 4 _aPJ6065.M6 1983
100 3 _aتاليف أحمد، محمد عبد القادر,
_eauthor
_934849
245 0 0 _aطرق تعليم اللغة العربية
250 _aط1
264 3 1 _aالقاهرة: مكتبة النهضة المصرية، 1983
300 _a311ص
336 _atext
_btxt
_2rdacontent
337 _aunmediated
_bn
_2rdamedia
338 _avolume
_bnc
_2rdacarrier
650 4 _aاللغة العربية-تعليم-طرق تعليم اللغة العربية
_934850
999 _aA14329
_c17897
_d17897